Counties of Albania - Statistics

General Stats
  • This quiz has been taken 1,283 times
  • The average score is 8 of 12
Answers on the Map
Answers color-coded by a green-red scale on the quiz's map according to % correct below.
 
Answer Stats
Counties % Correct
Tirana
94%
Durrës
77%
Shkodër
76%
Vlorë
75%
Gjirokastër
69%
Kukës
67%
Berat
66%
Elbasan
66%
Fier
66%
Korçë
63%
Lezhë
61%
Dibër
57%
No matching quizzes found
Score Distribution
Percent of People with Each Score
Percentile by Number Answered
Your Score History
You have not taken this quiz